Obra completa
Сохранить в:
| Главный автор: | |
|---|---|
| Другие авторы: | |
| Формат: | |
| Язык: | Spanish |
| Опубликовано: |
Madrid:
ALLCA XX,
1996.
|
| Редактирование: | 2. edición |
| Серии: | Colección archivos;
7 |
| Предметы: | |
| Метки: |
Добавить метку
Нет меток, Требуется 1-ая метка записи!
|
MARC
| LEADER | 00000nam a2200000 4500 | ||
|---|---|---|---|
| 001 | Mimo0000646942 | ||
| 005 | 20150215233129.0 | ||
| 008 | 970714s1996 sp | ||| ||spa | ||
| 020 | |a 8489666067 | ||
| 040 | |a SpMaBN |b spa |c SpMaBN |d CRU CIICLA | ||
| 082 | |a C861.3 |b S585-o2 | ||
| 100 | 1 | |a Silva, José Asunción |d 1865-1896 | |
| 245 | 1 | 0 | |a Obra completa |c José Asunción Silva ; edición crítica, Héctor H. Orjuela, coordinador |
| 250 | |a 2. edición | ||
| 260 | 1 | |a Madrid: |b ALLCA XX, |c 1996. | |
| 300 | |a lxvi, 747 páginas, |b 1 retrato | ||
| 490 | 1 | |a Colección archivos; |v 7 | |
| 500 | |a Índice | ||
| 504 | |a Bibliografía: páginas 735-747 | ||
| 600 | 1 | 7 | |a SILVA, JOSE ASUNCIÓN |d 1865-1896 |x CRITICA E INTERPRETACIÓN |2 embne |
| 650 | 1 | 4 | |a LITERATURA COLOMBIANA |v POESIA |
| 700 | 1 | 1 | |a Orjuela, Héctor H. |
| 942 | |2 ddc |c BK | ||
| 956 | |a 2 | ||
| 999 | |c 3891 |d 3891 | ||



